| 000 | 00702nam a22002417a 4500 | ||
|---|---|---|---|
| 999 |
_c366424 _d366424 |
||
| 001 | 80107 | ||
| 003 | UA-OsUOA | ||
| 005 | 20200303110307.0 | ||
| 007 | ta | ||
| 008 | 20111129b un ||||| |||| 00| 0 ukr d | ||
| 020 | _a9668767152 | ||
| 040 |
_aUA-OsUOA _bukr _cUA-OsUOA _dUA-OsUOA |
||
| 041 | _aukr | ||
| 080 | _a323.2:94(477) | ||
| 090 |
_a323.2:94(477) _bГ60 |
||
| 100 | _aГолибард Є. | ||
| 245 |
_aКучмізм і кучмономіка: документальна оповідь про афери корумпованої влади _nч. 1 |
||
| 260 |
_aК. _bПульсари _c2005 |
||
| 300 | _a511 с. | ||
| 650 | 7 |
_a32 Політика _2UDC |
|
| 942 |
_cBK _2udc |
||
| 955 | _a1 | ||